Neil Gaiman's Endless Quiz Stats

 Plays Quiz Updated Mar 10, 2020

     
Support Sporcle.
Go Orange.
Score 0/7 Timer 02:00
0 Plays Today
The Endless % Correct
Death
97.6%
Dream
91.3%
Desire
78%
Destiny
76.6%
Delirium
73.6%
Despair
71.4%
Destruction
68.7%

From the Vault

Celebrity Mug Shots

by Derek

Wow, we'd hate to see what their drivers license pictures look like!
Remove Ads.
Support Sporcle.
Get the best of Sporcle when you Go Orange. This ad-free experience offers more features, more stats, and more fun while also helping to support Sporcle. Thank you for becoming a member.

Show Comments

Extras

Top Quizzes Today


Score Distribution

Your Account Isn't Verified!

In order to create a playlist on Sporcle, you need to verify the email address you used during registration. Go to your Sporcle Settings to finish the process.

Report this User

Report this user for behavior that violates our Community Guidelines.

Details: